000 00399nam a22001457a 4500
003 IT-RoPau
005 20220918181109.0
008 130627b xxu||||| |||| 00| 0 eng d
040 _cIT-RoPau
100 _aSSP
_921
245 _aDon Ercole Clemente Canavero
_bMissionario Paolino in Cina e nelle Filippine
260 _aBarbaresco (Cuneo)
_bSSP
_c2002
300 _aS.n.p.
_c24 cm
942 _2ddc
_cBK
999 _c98833
_d98833